000 00641nam a2200181 i 4500
001 103031
003 ES-MaACL
005 20240511063030.0
007 t|
008 051227s1903 sp ||||1| spa d
080 _a821.134.2-5"19"
100 1 _aMaura y Montaner, Antonio,
_d1853-1925
_979224
245 1 0 _aDiscursos leídos ante la Real Academia Española en la recepción pública del excmo. señor D. Antonio Maura y Montaner el día 29 de novimebre de 1903.
260 _aMadrid :
_b[s.n.],
_c1903 (
_fEst. tip. Fortanet)
300 _a62 p. ;
_c24 cm.
852 _aES-MaACL
_jG-7141
_bR.136579
999 _c103031
_d103031